000 01307nam0a22002411 4500
001 rc\843321
005 20260407082412.0
035 _a(NLR Aleph) 006024524
090 _a7463360
_c7463360
100 _a20041129d1984 |||y0rusy50 ca
101 0 _arus
102 _aRU
105 _ay |||||||||
200 1 _aМетодические указания по обобщению практики премирования работников производственных объединений и предприятий промышленности за внедрение новой техники
_fМ-во угол. пром-сти СССР, ЦНИИ экономики и НТИ и угол. пром-сти (ЦНИЭИуголь)
_g[Подгот. к. э. н. Липатовым А.А. и инж. Туханович Р.И.]
210 _aМ.
_cЦНИЭИуголь
_d1984
215 _a[1], 30 с.
_d20
702 1 _aЛипатов
_bА.А.
_gАлексей Алексеевич
_4570
712 0 2 _aЦНИИ информации и технико-экономических исследований угольной промышленности
_cМосква
_9288753
_3RU\NLR\AUTH\888204
801 0 _aRU
_bNLR
_gpsbo
801 1 _aRU
_bELAR
_2rusmarc
852 _aNLR
_j84-4/29129
942 _cBOOK
980 _aNB